000 00681nam a2200217 a 4500
003 BD-DhJNU
005 20241208053905.0
008 930202s1994 mau b 001 0 eng
020 _a0205139027
040 _aBD-DhJNU
_bENG
_cBD-DhJNU
_dBD-DhJNU
082 0 0 _a370.78 LAI
_223
100 1 _aLangenbach, Michael
245 1 3 _aAn introduction to educational research /
_cMichael Langenbach, Courtney Vaughn and Lola Aagaard
260 _aBoston :
_bAllyn and Bacon,
_cc1994.
300 _axii, 387 p. ;
_c24 cm.
504 _aIncludes bibliographical references and index.
650 0 _aEducation
_xResearch.
700 1 _aVaughn, Courtney
700 1 _aAagaard, Lola
942 _cBK
999 _c976
_d976